Economics

Gespeichert in:
Bibliographische Detailangaben
1. Verfasser: Samuelson, Paul A.
Format: Buch
Sprache:Englisch
Veröffentlicht: Tokyo MacGraw-Hill 1980
Ausgabe:11. ed.
Tags: Tag hinzufügen
Keine Tags, Fügen Sie das erste Tag hinzu!

MARC

LEADER 00000nam a2200000 4500
001 c035478
005 20221220101632.3
041 0 |a eng 
044 |a JP 
245 1 0 |a Economics  |c Paul A. Samuelson 
250 |a 11. ed. 
264 1 |a Tokyo  |b MacGraw-Hill  |c 1980 
300 |a 861 s. 
100 1 |a Samuelson, Paul A.